Boeing 777 Variants - Statistics

General Stats
  • This quiz has been taken 124 times
  • The average score is 8 of 9
Answer Stats
Year Answer % Correct
1984 777-200
100%
1997 777-300
99%
2002 777-300ER
97%
1996 777-200ER
94%
2020 777-9
86%
2005 777-200LR
85%
2013 777-8
82%
2008 777F
75%
2022 777-8F
44%
No matching quizzes found
Score Distribution
Percent of People with Each Score
Percentile by Number Answered
Your Score History
You have not taken this quiz